Multimodálne riešenia prepravy nebezpečného nákladu v EÚ a ich dopad na ekológiu diplomová práca

Guardado en:
Detalles Bibliográficos
Autor principal: Gabrižová, Kristína
Autor Corporativo: Obchodná fakulta EU. Katedra medzinárodného obchodu
Otros Autores: Minárik, Marek
Formato: Libro
Lenguaje:eslovaco
Publicado: Bratislava 2021
Etiquetas: Agregar Etiqueta
Sin Etiquetas, Sea el primero en etiquetar este registro!

MARC

LEADER 00000nbm a2200000 4500
001 0274513
005 20220210094545.8
041 0 |a slo 
044 |a SK 
245 1 0 |a Multimodálne riešenia prepravy nebezpečného nákladu v EÚ a ich dopad na ekológiu  |b diplomová práca  |c Kristína Gabrižová ; školiteľ: Marek Minárik 
264 1 |a Bratislava  |c 2021 
300 |a 55 s. 
100 1 |a Gabrižová, Kristína 
700 1 |a Minárik, Marek 
710 2 |a Obchodná fakulta EU. Katedra medzinárodného obchodu